The evaluation of land resources (Record no. 62895)

MARC details
000 -LEADER
fixed length control field 00948nam a2200217 a 4500
008 - FIXED-LENGTH DATA ELEMENTS--GENERAL INFORMATION
fixed length control field 120416s1992 ||||||||||||||||| || u
020 ## - INTERNATIONAL STANDARD BOOK NUMBER
International Standard Book Number 0582023998
050 ## - LIBRARY OF CONGRESS CALL NUMBER
Classification number HD 1387 Dav
100 ## - MAIN ENTRY--PERSONAL NAME
Personal name Davidson, Donald A
245 14 - TITLE STATEMENT
Title The evaluation of land resources
250 ## - EDITION STATEMENT
Edition statement 2nd ed.
260 ## - PUBLICATION, DISTRIBUTION, ETC.
Place of publication, distribution, etc. New York
Name of publisher, distributor, etc. Longman Scientific & Technical Wiley
Date of publication, distribution, etc. 1992
300 ## - PHYSICAL DESCRIPTION
Extent viii, 198p. : ill.
350 ## -
-- 0.00
500 ## - GENERAL NOTE
General note Rev. ed. of: Soils and land use planning. 1980. -Includes bibliographical references (p. [171]-191) and index.
650 ## - SUBJECT ADDED ENTRY--TOPICAL TERM
Topical term or geographic name entry element LAND
650 ## - SUBJECT ADDED ENTRY--TOPICAL TERM
Topical term or geographic name entry element NATURAL RESOURCES--VALUATION
650 ## - SUBJECT ADDED ENTRY--TOPICAL TERM
Topical term or geographic name entry element LAND USE--PLANNING
995 ## -
-- ANNEX COLLECTION (Main Library)
-- 0.00
-- 727036
-- CBU-MAIN LIBRARY (Kitwe)
-- 1
-- 18.99
-- HD 1387 Dav
-- 1
-- AVAILABLE
-- 018385
-- Annex Low-Usage Collection
995 ## -
-- ANNEX COLLECTION (Main Library)
-- 0.00
-- 727035
-- CBU-MAIN LIBRARY (Kitwe)
-- 2
-- 18.99
-- HD 1387 Dav
-- 2
-- AVAILABLE
-- 018386
-- Annex Low-Usage Collection
999 ## -
-- 62895
-- 62895
Holdings
Withdrawn status Lost status Source of classification or shelving scheme Damaged status Not for loan Permanent Location Current Location Shelving location Date acquired Total Checkouts Full call number Barcode Date last seen Price effective from Koha item type
          CBU-MAIN LIBRARY, KITWE. CBU-MAIN LIBRARY, KITWE.   12/16/2022   HD 1387 Dav 018385 12/16/2022 12/16/2022 MONOGRAPH
          CBU-MAIN LIBRARY, KITWE. CBU-MAIN LIBRARY, KITWE.   12/16/2022   HD 1387 Dav 018386 12/16/2022 12/16/2022 MONOGRAPH